Pokemon - Lückenrätsel - Statistiken

Allgemein
  • Dieses Quiz wurde 1.312 mal gespielt
  • Das Durchschnittsergebnis liegt bei 17 aus 30
Antwortstatistiken
Hint Antwort % Korrekt
Weiterentwicklung Sandamer
96%
Typ Käfer
88%
Generation 6
79%
Vorentwickung Nebulak
79%
Weiterentwicklung Feelinara
76%
Typ Gift
72%
Generation 7
70%
Pokemon Kussilla
69%
Weiterentwicklung Azumarill
68%
Typ Fee
65%
Generation 3
63%
Typ Stahl
59%
Typ Geist
57%
Generation 2
55%
Typ Normal
53%
Pokemon Frosdedje
52%
Typ Kampf
50%
Weiterentwicklung Woingenau
50%
Pokemon Samurzel
48%
Vorentwickung Rihorn
46%
Pokemon Rizeros
46%
Weiterentwicklung Zapplarang
42%
Vorentwickung Dartignis
41%
Vorentwickung Zapplardin
39%
Vorentwickung Hornliu
35%
Pokemon Mimigma
35%
Weiterentwicklung Bibor
34%
Pokemon Kokuna
34%
Typ Käfer
29%
Weiterentwicklung Donarion
19%
Keine übereinstimmenden Quizze gefunden
Verteilung der Resultate
Anzahl Personen mit jedem Resultat
Perzentil nach korrekt beantworteten Fragen
Ihre Resultats-Entwicklung
Sie haben dieses Quiz noch nicht gespielt